[Event "Voronezh Petrovsky op"]
[Site "Voronezh"]
[Date "2022.06.12"]
[Round "3"]
[White "Kulnev, Aleksandr"]
[Black "Lebedev, Mikhail Sergeevich"]
[Result "1-0"]
[WhiteElo "1781"]
[BlackElo "2131"]
[PlyCount "105"]
[EventDate "2022.06.10"]
[EventType "swiss"]
[EventRounds "9"]
[EventCountry "RUS"]
[SourceTitle "EXT 2023"]
[Source "ChessBase"]
[SourceDate "2022.10.05"]
[SourceVersion "1"]
[SourceVersionDate "2022.10.05"]
[SourceQuality "1"]

1. d4 Nf6 2. c4 g6 3. Nf3 Bg7 4. g3 0-0 5. Bg2 d6 6. Nc3 Nc6 7. d5 Na5 8. b3 c5 9. Bb2 a6 10. 0-0 Rb8 11. Qc2 Bf5 12. e4 Nxe4 13. g4 Ng3 14. gxf5 Nxf1 15. Rxf1 b5 16. fxg6 hxg6 17. Nd1 bxc4 18. Bxg7 Kxg7 19. Qc3+ Kg8 20. bxc4 e5 21. dxe6 fxe6 22. Bh3 e5 23. Be6+ Kh7 24. Bd5 Rf4 25. Kh1 e4 26. Nd2 Rb4 27. a3 Rb8 28. Nxe4 Rb3 29. Qd2 Qh4 30. Qxa5 Rh3 31. Kg1 Rxe4 32. Bxe4 Qxe4 33. f3 Qf4 34. Rf2 Rh5 35. Qc7+ Kh6 36. Qd8 Kg7 37. Qe7+ Kg8 38. Qe8+ Kg7 39. Qe7+ Kh8 40. Qe4 Qc1 41. Rf1 Rg5+ 42. Kh1 Qd2 43. Nf2 Rf5 44. Ng4 Qc3 45. Nh6 Rf6 46. Ng4 Rf5 47. Kg2 Qxa3 48. Rb1 Qa2+ 49. Kg3 Rf8 50. Qxg6 Qe2 51. Qh6+ Kg8 52. Nf6+ Kf7 53. Rb7+ 1-0

[Event "EU-ch Online U2300 Qual"]
[Site "Chess.com INT"]
[Date "2020.05.25"]
[Round "3"]
[White "Lebedev, Mikhail Sergeevich"]
[Black "Abdulla, Khayala Mardan Qizi"]
[Result "1-0"]
[WhiteElo "2131"]
[BlackElo "2263"]
[PlyCount "33"]
[EventDate "2020.05.25"]
[EventType "swiss"]
[EventRounds "8"]
[EventCountry "NET"]
[SourceTitle "EXT 2021"]
[Source "ChessBase"]
[SourceDate "2020.10.23"]
[SourceVersion "1"]
[SourceVersionDate "2020.10.23"]
[SourceQuality "1"]

1. e4 c5 2. Nf3 Nf6 3. e5 Nd5 4. Nc3 e6 5. Bc4 Nb6 6. Bf1 Nc6 7. g3 d6 8. exd6 Bxd6 9. Bg2 0-0 10. 0-0 e5 11. d3 Bg4 12. h3 Bh5 13. Qe1 f5 14. Bg5 Qd7 15. a3 Rae8 16. Kh2 Nd4 17. Nxd4 1-0

[Event "EU-ch Online U2300 Qual"]
[Site "Chess.com INT"]
[Date "2020.05.25"]
[Round "1"]
[White "Prigodin, Ruslan"]
[Black "Lebedev, Mikhail Sergeevich"]
[Result "1/2-1/2"]
[WhiteElo "2036"]
[BlackElo "2131"]
[PlyCount "99"]
[EventDate "2020.05.25"]
[EventType "swiss"]
[EventRounds "8"]
[EventCountry "NET"]
[SourceTitle "EXT 2021"]
[Source "ChessBase"]
[SourceDate "2020.10.23"]
[SourceVersion "1"]
[SourceVersionDate "2020.10.23"]
[SourceQuality "1"]

1. d4 Nf6 2. Nf3 g6 3. Bf4 Bg7 4. e3 c5 5. c3 b6 6. Be2 Bb7 7. h3 0-0 8. 0-0 d5 9. Nbd2 Nc6 10. Ne5 Nd7 11. Nxd7 Qxd7 12. Nf3 Rfe8 13. Bb5 f6 14. c4 a6 15. Ba4 e6 16. cxd5 exd5 17. dxc5 bxc5 18. Rc1 Bf8 19. Qd2 Rad8 20. Rfd1 Qf5 21. Nd4 Nxd4 22. exd4 Re4 23. Be3 cxd4 24. Bxd4 Qe6 25. Re1 Rc8 26. Rxe4 Rxc1+ 27. Qxc1 Qxe4 28. Qe3 Qxe3 29. fxe3 Kf7 30. Kf2 Ke6 31. a3 Bd6 32. b4 f5 33. g4 f4 34. Bc2 fxe3+ 35. Kxe3 Bc6 36. h4 Be8 37. h5 gxh5 38. gxh5 Bxh5 39. Bxh7 Be8 40. Bd3 a5 41. bxa5 Bxa3 42. a6 Bc6 43. Bb5 Ba8 44. a7 Kd6 45. Bd3 Bc5 46. Bxc5+ Kxc5 47. Bf5 Kb6 48. Kd4 Kxa7 49. Be6 Kb6 50. Bxd5 1/2-1/2

[Event "Chigorin Memorial 27th"]
[Site "St Petersburg"]
[Date "2019.10.13"]
[Round "9"]
[White "Kuizhev, Adam"]
[Black "Lebedev, Mikhail Sergeevich"]
[Result "1/2-1/2"]
[WhiteElo "1879"]
[BlackElo "2142"]
[PlyCount "140"]
[EventDate "2019.10.05"]
[EventType "swiss"]
[EventRounds "9"]
[EventCountry "RUS"]
[SourceTitle "EXT 2021"]
[Source "ChessBase"]
[SourceDate "2020.10.23"]
[SourceVersion "1"]
[SourceVersionDate "2020.10.23"]
[SourceQuality "1"]

1. e4 c5 2. Nf3 Nc6 3. Bb5 d6 4. d4 cxd4 5. Nxd4 Bd7 6. c4 Nf6 7. Nc3 g6 8. f3 Nxd4 9. Bxd7+ Qxd7 10. Qxd4 Bg7 11. Be3 0-0 12. Qd3 a6 13. 0-0 Rac8 14. Bd4 Rc6 15. b3 Rfc8 16. Rac1 b5 17. Bxf6 Bxf6 18. Nd5 Bg7 19. Qe3 bxc4 20. bxc4 Qd8 21. Qa7 Bf8 22. Qd4 e6 23. Nb4 Rb6 24. Nd3 a5 25. Rb1 Rbc6 26. Rfc1 Bg7 27. Qa7 Bf6 28. Rb7 R6c7 29. Rxc7 Qxc7 30. Qxc7 Rxc7 31. Kf1 Bd4 32. Ke2 Kg7 33. f4 f5 34. e5 dxe5 35. Nxe5 Kf6 36. Nf3 Bc5 37. Ne5 g5 38. g3 gxf4 39. gxf4 Rg7 40. Rd1 Bb4 41. Kf3 Rc7 42. Rd7 Rxd7 43. Nxd7+ Ke7 44. Ne5 Kd6 45. Nd3 Bc3 46. Kg3 Bf6 47. Kf3 a4 48. Ke3 Bc3 49. h4 h5 50. Kf3 Bf6 51. Kg3 a3 52. Kh3 e5 53. fxe5+ Bxe5 54. c5+ Kd5 55. Nxe5 Kxe5 56. c6 Kd6 57. Kg3 Kxc6 58. Kf4 Kd5 59. Kxf5 Kd4 60. Kf4 Kd3 61. Kf3 Kd2 62. Kf2 Kd1 63. Kf1 Kc1 64. Ke1 Kc2 65. Ke2 Kb1 66. Kd1 Kb2 67. Kd2 Ka1 68. Kc1 Kxa2 69. Kc2 Ka1 70. Kc1 a2 1/2-1/2

[Event "Chigorin Memorial 27th"]
[Site "St Petersburg"]
[Date "2019.10.12"]
[Round "8"]
[White "Lebedev, Mikhail Sergeevich"]
[Black "Shinkarov, Artem"]
[Result "1/2-1/2"]
[WhiteElo "2142"]
[BlackElo "1845"]
[PlyCount "80"]
[EventDate "2019.10.05"]
[EventType "swiss"]
[EventRounds "9"]
[EventCountry "RUS"]
[SourceTitle "EXT 2021"]
[Source "ChessBase"]
[SourceDate "2020.10.23"]
[SourceVersion "1"]
[SourceVersionDate "2020.10.23"]
[SourceQuality "1"]

1. e4 e5 2. f4 exf4 3. Nf3 d5 4. exd5 Nf6 5. c4 c6 6. Nc3 cxd5 7. cxd5 Nbd7 8. d4 Bd6 9. Bc4 Qe7+ 10. Be2 0-0 11. 0-0 Nb6 12. Qb3 Nfxd5 13. Nxd5 Qxe2 14. Re1 Qa6 15. Nxf4 Qc4 16. Qxc4 Nxc4 17. b3 Nb6 18. Bd2 Bxf4 19. Bxf4 Be6 20. Rac1 Rac8 21. Rc5 h6 22. Rec1 Nd5 23. Bd2 b6 24. Rc6 Ne7 25. Rc7 Nd5 26. R7c6 Rxc6 27. Rxc6 Rc8 28. Rxc8+ Bxc8 29. Ne5 Kf8 30. Kf2 Bb7 31. g3 Ke7 32. Nd3 Ba6 33. Nb4 Bb7 34. Nxd5+ Bxd5 35. Bb4+ Ke6 36. Bf8 Kf6 37. Ke3 h5 38. h4 g6 39. Bd6 Ke6 40. Bb8 a6 1/2-1/2

[Event "Chigorin Memorial 27th"]
[Site "St Petersburg"]
[Date "2019.10.11"]
[Round "7"]
[White "Iliaguev, Nisim"]
[Black "Lebedev, Mikhail Sergeevich"]
[Result "1-0"]
[WhiteElo "2310"]
[BlackElo "2142"]
[PlyCount "111"]
[EventDate "2019.10.05"]
[EventType "swiss"]
[EventRounds "9"]
[EventCountry "RUS"]
[SourceTitle "EXT 2021"]
[Source "ChessBase"]
[SourceDate "2020.10.23"]
[SourceVersion "1"]
[SourceVersionDate "2020.10.23"]
[SourceQuality "1"]

1. d4 Nf6 2. c4 g6 3. g3 Bg7 4. Bg2 d6 5. Nf3 0-0 6. 0-0 Nc6 7. Nc3 a6 8. e4 Bg4 9. Be3 Nd7 10. Ne2 Na5 11. Qa4 c5 12. dxc5 dxc5 13. Rad1 Nc6 14. h3 Bxf3 15. Bxf3 Qc7 16. Qc2 Rfd8 17. Bg2 b6 18. a3 Nf8 19. f4 Ne6 20. e5 Rac8 21. Qe4 Ncd4 22. Nc3 Qa7 23. g4 Nc7 24. Nd5 Rd7 25. Bxd4 cxd4 26. Qxd4 Nxd5 27. cxd5 Rc2 28. Rc1 Rdc7 29. Rxc2 Rxc2 30. Be4 Rc4 31. Qe3 f6 32. d6 e6 33. Bd3 Rc5 34. b4 Rc3 35. Qd4 Rc8 36. exf6 Bf8 37. Bc4 Rd8 38. Bxe6+ Kh8 39. Rd1 a5 40. Qe5 axb4 41. axb4 b5+ 42. Kg2 Qa4 43. Rd4 Qc2+ 44. Kf3 Qc3+ 45. Qe3 Qc6+ 46. Qe4 Qc3+ 47. Qd3 Qe1 48. Qe3 Qf1+ 49. Kg3 g5 50. fxg5 Bxd6+ 51. Kh4 h6 52. f7 hxg5+ 53. Kh5 Qf6 54. Rxd6 Rxd6 55. Qe5 Rxe6 56. f8Q+ 1-0

[Event "Voronezh op-B 22nd"]
[Site "Voronezh"]
[Date "2018.06.15"]
[Round "4"]
[White "Kitaev, Roman"]
[Black "Lebedev, Mikhail Sergeevich"]
[Result "0-1"]
[WhiteElo "2031"]
[BlackElo "2103"]
[PlyCount "146"]
[EventDate "2018.06.12"]
[EventType "swiss"]
[EventRounds "9"]
[EventCountry "RUS"]
[SourceTitle "CBM 185 Extra"]
[Source "ChessBase"]
[SourceDate "2018.07.29"]
[SourceVersion "1"]
[SourceVersionDate "2018.07.29"]
[SourceQuality "1"]

1. Nf3 Nf6 2. b3 g6 3. Bb2 Bg7 4. g3 d6 5. d4 0-0 6. Bg2 Nc6 7. Nbd2 Bf5 8. 0-0 Ne4 9. Nh4 Nxd2 10. Qxd2 Bd7 11. e4 e5 12. Nf3 Bg4 13. d5 Ne7 14. h3 Bxf3 15. Bxf3 f5 16. c4 Qd7 17. Kh2 fxe4 18. Bxe4 Nf5 19. f4 Rae8 20. g4 exf4 21. Bxf5 gxf5 22. Rxf4 Be5 23. Bxe5 Rxe5 24. gxf5 Rfxf5 25. Rg1+ Kh8 26. Rfg4 Rf8 27. Qh6 Re2+ 28. R1g2 Rxg2+ 29. Rxg2 Qf7 30. Qe3 Qf4+ 31. Qxf4 Rxf4 32. Kg3 Rf7 33. Re2 a5 34. a3 Kg7 35. b4 axb4 36. axb4 b6 37. Re4 Kg6 38. Kg4 Rg7 39. Rf4 Re7 40. h4 Re5 41. Kf3 b5 42. Rg4+ Kf7 43. Rf4+ Ke7 44. Rd4 bxc4 45. Rxc4 Kd8 46. Rd4 Kc8 47. Kg4 h5+ 48. Kf4 Kb7 49. Rd2 Kb6 50. Rd1 Ka6 51. Rc1 Kb6 52. Rd1 Kb5 53. Rc1 Rxd5 54. Rxc7 Kxb4 55. Rc1 Kb5 56. Rb1+ Kc6 57. Rg1 Re5 58. Rg5 Rc5 59. Rg6 Rb5 60. Rh6 Re5 61. Rf6 Kd5 62. Rg6 Kc5 63. Rg5 Kd4 64. Rg6 d5 65. Rd6 Re8 66. Rh6 Rf8+ 67. Kg5 Ke5 68. Kxh5 Kf5 69. Rh7 d4 70. Kh6 Rf6+ 71. Kg7 Rd6 72. Rh5+ Kg4 73. Ra5 Kxh4 0-1

[Event "Sochi ChessAmateur op"]
[Site "Sochi"]
[Date "2018.04.07"]
[Round "9"]
[White "Lebedev, Mikhail Sergeevich"]
[Black "Esipenko, Aleksandr"]
[Result "1-0"]
[WhiteElo "2094"]
[BlackElo "1939"]
[PlyCount "101"]
[EventDate "2018.04.01"]
[EventType "swiss"]
[EventRounds "9"]
[EventCountry "RUS"]
[SourceTitle "CBM 184 Extra"]
[Source "ChessBase"]
[SourceDate "2018.06.28"]
[SourceVersion "1"]
[SourceVersionDate "2018.06.28"]
[SourceQuality "1"]

1. e4 c5 2. Nf3 Nc6 3. d4 cxd4 4. Nxd4 g6 5. c4 Nf6 6. Nc3 Nxd4 7. Qxd4 d6 8. Bg5 Bg7 9. Be2 0-0 10. Qd2 Be6 11. Rc1 Rc8 12. b3 a5 13. f3 Nd7 14. 0-0 Nc5 15. Rb1 Qd7 16. Rfc1 f5 17. Nd5 Bxd5 18. exd5 e5 19. dxe6 Qxe6 20. Re1 Bf6 21. Bh6 Rfd8 22. Bf1 Qf7 23. Rbd1 b6 24. Bf4 Rd7 25. h3 Rcd8 26. Qc1 Kh8 27. Rd5 Ne6 28. Be3 Nc5 29. Red1 Qe6 30. Bf2 Kg8 31. Qc2 Rb8 32. Qd2 Rbd8 33. Re1 Qf7 34. Bg3 Be7 35. Qe3 Bf6 36. Red1 Be7 37. Bf4 Ne6 38. Bh2 Nc5 39. a3 f4 40. Qc3 Bf6 41. Qc2 Be5 42. b4 axb4 43. axb4 Ne6 44. Kh1 Nc7 45. R5d2 Kg7 46. Bg1 Rb8 47. Qe4 Ne6 48. Qxe5+ Kg8 49. Rxd6 Rxd6 50. Rxd6 Re8 51. Qd5 1-0

[Event "Sochi ChessAmateur op"]
[Site "Sochi"]
[Date "2018.04.06"]
[Round "8"]
[White "Afanasiev, Vadim"]
[Black "Lebedev, Mikhail Sergeevich"]
[Result "1/2-1/2"]
[WhiteElo "2305"]
[BlackElo "2094"]
[PlyCount "101"]
[EventDate "2018.04.01"]
[EventType "swiss"]
[EventRounds "9"]
[EventCountry "RUS"]
[SourceTitle "CBM 184 Extra"]
[Source "ChessBase"]
[SourceDate "2018.06.28"]
[SourceVersion "1"]
[SourceVersionDate "2018.06.28"]
[SourceQuality "1"]

1. d4 Nf6 2. c4 g6 3. Nc3 Bg7 4. e4 d6 5. Be2 0-0 6. Bg5 c5 7. d5 h6 8. Bf4 e6 9. dxe6 Bxe6 10. Bxd6 Re8 11. e5 Nfd7 12. f4 Nc6 13. Nf3 f6 14. Qb3 fxe5 15. 0-0 Nd4 16. Nxd4 cxd4 17. Nb5 Qb6 18. Bg4 Nc5 19. Bxc5 Qxc5 20. Bxe6+ Rxe6 21. fxe5 Qxe5 22. c5 Qe3+ 23. Kh1 Qxb3 24. axb3 Re2 25. Rab1 Rc8 26. b4 a6 27. Nd6 Rc7 28. Rf3 Rce7 29. Kg1 Be5 30. Nc4 Bg7 31. Rf2 d3 32. Kf1 Bd4 33. Rxe2 Rxe2 34. Rd1 Rf2+ 35. Ke1 Rc2 36. b3 Bc3+ 37. Kf1 d2 38. Na5 Bxb4 39. Nxb7 Kf8 40. Ke2 Ke7 41. Nd6 Rxc5 42. Nc4 Rg5 43. g3 Rb5 44. Rb1 Ke6 45. Rb2 Bc3 46. Ra2 a5 47. Nxd2 Bxd2 48. Kxd2 Rxb3 49. Rxa5 Rb2+ 50. Ke3 Rxh2 51. Kf4 1/2-1/2

[Event "Sochi ChessAmateur op"]
[Site "Sochi"]
[Date "2018.04.02"]
[Round "2"]
[White "Krylov, Sergei D"]
[Black "Lebedev, Mikhail Sergeevich"]
[Result "0-1"]
[WhiteElo "1753"]
[BlackElo "2094"]
[PlyCount "48"]
[EventDate "2018.04.01"]
[EventType "swiss"]
[EventRounds "9"]
[EventCountry "RUS"]
[SourceTitle "CBM 184 Extra"]
[Source "ChessBase"]
[SourceDate "2018.06.28"]
[SourceVersion "1"]
[SourceVersionDate "2018.06.28"]
[SourceQuality "1"]

1. e4 c5 2. Nf3 Nc6 3. d4 cxd4 4. Nxd4 Nf6 5. Nc3 e5 6. Ndb5 d6 7. Nd5 Nxd5 8. exd5 Nb8 9. c4 Be7 10. Be2 0-0 11. 0-0 a6 12. Nc3 f5 13. f3 Bg5 14. Kh1 Nd7 15. a4 Bxc1 16. Rxc1 a5 17. Nb5 Nc5 18. Rb1 Rf6 19. b3 f4 20. Bd3 Rh6 21. Rf2 Qh4 22. Kg1 Qxh2+ 23. Kf1 Qg3 24. Ke2 e4 0-1

[Event "Voronezh op-B 20th"]
[Site "Voronezh"]
[Date "2016.06.18"]
[Round "6"]
[White "Rozmanov, Aleksandr"]
[Black "Lebedev, Mikhail Sergeevich"]
[Result "0-1"]
[WhiteElo "1914"]
[BlackElo "2092"]
[PlyCount "42"]
[EventDate "2016.06.12"]
[EventType "swiss"]
[EventRounds "9"]
[EventCountry "RUS"]
[SourceTitle "EXT 2017"]
[Source "ChessBase"]
[SourceDate "2016.10.25"]
[SourceVersion "1"]
[SourceVersionDate "2016.10.25"]
[SourceQuality "1"]

1. e4 c5 2. Nf3 Nc6 3. d4 cxd4 4. Nxd4 Nf6 5. Nc3 e5 6. Ndb5 d6 7. Bg5 a6 8. Na3 b5 9. Nd5 Be7 10. Bxf6 Bxf6 11. c3 0-0 12. Nc2 Rb8 13. a4 bxa4 14. Rxa4 Rxb2 15. Ncb4 Nxb4 16. cxb4 Bg5 17. Bxa6 Bd2+ 18. Kf1 Qh4 19. Qf3 Bg4 20. Ne7+ Kh8 21. Nf5 Bxf3 0-1

[Event "Voronezh op-B 20th"]
[Site "Voronezh"]
[Date "2016.06.15"]
[Round "4"]
[White "Nerushev, Arseniy"]
[Black "Lebedev, Mikhail Sergeevich"]
[Result "1/2-1/2"]
[WhiteElo "1958"]
[BlackElo "2092"]
[PlyCount "129"]
[EventDate "2016.06.12"]
[EventType "swiss"]
[EventRounds "9"]
[EventCountry "RUS"]
[SourceTitle "EXT 2017"]
[Source "ChessBase"]
[SourceDate "2016.10.25"]
[SourceVersion "1"]
[SourceVersionDate "2016.10.25"]
[SourceQuality "1"]

1. Nf3 c5 2. c4 b6 3. Nc3 Bb7 4. e4 d6 5. d4 cxd4 6. Nxd4 Nf6 7. f3 e6 8. Be2 a6 9. 0-0 Nbd7 10. Be3 Be7 11. Rc1 0-0 12. Qe1 Rc8 13. Qf2 Qc7 14. Nb3 Bd8 15. Rfd1 Qb8 16. Kh1 Bc7 17. Nd2 Rfe8 18. f4 Nc5 19. Bxc5 bxc5 20. Bf3 Red8 21. Nf1 Ba5 22. Ng3 Bc6 23. Qe2 Bc7 24. Rd3 Qb7 25. Rcd1 h6 26. b3 Nh7 27. Bg4 Re8 28. f5 Nf6 29. fxe6 fxe6 30. Bf3 Nd7 31. Bh5 Re7 32. Rf3 Ne5 33. Rf2 Ba5 34. Qc2 Rd8 35. Nce2 Qb4 36. Nf4 Qc3 37. Ng6 Nxg6 38. Bxg6 Qxc2 39. Rxc2 Be8 40. Bxe8 Rexe8 41. Ne2 Rf8 42. g3 Rf2 43. Kg1 Rf6 44. Nf4 Kf7 45. Nd3 Ke7 46. Rf1 Rxf1+ 47. Kxf1 Bc7 48. Kg2 a5 49. e5 Ra8 50. exd6+ Bxd6 51. Nf2 Be5 52. Nd3 Bd4 53. Re2 g5 54. Kf3 Rf8+ 55. Ke4 Kd6 56. a3 e5 57. b4 axb4 58. axb4 cxb4 59. Nxb4 Kc5 60. Nd3+ Kxc4 61. Rc2+ Kb3 62. Rc6 h5 63. Rh6 h4 64. gxh4 gxh4 65. Rxh4 1/2-1/2

[Event "Moscow op-A"]
[Site "Moscow"]
[Date "2016.02.03"]
[Round "5"]
[White "Lebedev, Mikhail Sergeevich"]
[Black "Fomin, Andrey2"]
[Result "0-1"]
[WhiteElo "2136"]
[BlackElo "2241"]
[PlyCount "56"]
[EventDate "2016.01.30"]
[EventType "swiss"]
[EventRounds "9"]
[EventCountry "RUS"]
[SourceTitle "CBM 170 Extra"]
[Source "ChessBase"]
[SourceDate "2016.02.25"]
[SourceVersion "1"]
[SourceVersionDate "2016.02.25"]
[SourceQuality "1"]

1. e4 e6 2. d4 d5 3. Nc3 Bb4 4. e5 Ne7 5. Qg4 c5 6. a3 Qa5 7. Bd2 cxd4 8. Nb1 Bxd2+ 9. Nxd2 0-0 10. Ngf3 Nbc6 11. 0-0-0 Qc7 12. Qh5 f6 13. exf6 Rxf6 14. Bd3 g6 15. Qh4 Kg7 16. Ng5 h6 17. Nh3 Ne5 18. Nb3 Nxd3+ 19. Rxd3 e5 20. g4 g5 21. Nxg5 hxg5 22. Qh5 Rh6 23. Qxg5+ Rg6 24. Qh4 Bxg4 25. f4 Nf5 26. Qf2 e4 27. Rxd4 e3 28. Qe1 Rc8 0-1

[Event "Moscow op-A"]
[Site "Moscow"]
[Date "2016.02.01"]
[Round "3"]
[White "Lebedev, Mikhail Sergeevich"]
[Black "Nyudleev, Dolgan"]
[Result "0-1"]
[WhiteElo "2136"]
[BlackElo "2328"]
[PlyCount "102"]
[EventDate "2016.01.30"]
[EventType "swiss"]
[EventRounds "9"]
[EventCountry "RUS"]
[SourceTitle "CBM 170 Extra"]
[Source "ChessBase"]
[SourceDate "2016.02.25"]
[SourceVersion "1"]
[SourceVersionDate "2016.02.25"]
[SourceQuality "1"]

1. e4 c5 2. Nf3 d6 3. d4 Nf6 4. Nc3 cxd4 5. Nxd4 Nc6 6. Bg5 Qa5 7. Bb5 Bd7 8. Nb3 Qb6 9. Bxf6 gxf6 10. Nd5 Qd8 11. Qh5 a6 12. Be2 e6 13. Ne3 Ne5 14. 0-0-0 Qc7 15. f4 Qb6 16. Qh3 Ng6 17. Rhf1 0-0-0 18. Kb1 Be7 19. Rd3 Kb8 20. Nc4 Qb4 21. Rc3 d5 22. Ncd2 e5 23. Qf3 Nxf4 24. exd5 Nxe2 25. Qxe2 Bb5 26. Nc4 Rxd5 27. a3 Bxc4 28. Rxc4 Qd6 29. Ka2 Qe6 30. g4 Rhd8 31. Re4 Rd2 32. Qc4 Qxc4 33. Rxc4 Rxh2 34. g5 Rd6 35. Nc5 Rc6 36. Nd7+ Kc7 37. Rxc6+ Kxc6 38. Nxf6 Kd6 39. Kb3 Ke6 40. Ne4 Rh4 41. Re1 Rg4 42. Kc3 Bxg5 43. Nc5+ Kd5 44. b4 a5 45. Nxb7 axb4+ 46. Kb3 Rg3+ 47. Ka4 bxa3 48. Kb5 Rc3 49. Rd1+ Ke6 50. Nc5+ Kf5 51. Rf1+ Bf4 0-1